| 000 | 01218nam a2200241Ia 4500 | ||
|---|---|---|---|
| 003 | Ost | ||
| 005 | 20260507075537.0 | ||
| 008 | 260507s9999||||xx |||||||||||||| ||und|| | ||
| 020 | _a×977408800 | ||
| 040 | _cfsecg | ||
| 041 | _aara | ||
| 082 | _a658.7 | ||
| 100 |
_aجاتورنا، جون _eمؤلف |
||
| 245 | 0 |
_aإدارة الإمداد و التوزيع / _c جون جاتورنا |
|
| 260 |
_aالقاهرة: _bدار الفاروق للنشر والتوزيع, _c2008 |
||
| 300 |
_a592 صفحة؛ _bإيضاحات ؛ _c24 سم |
||
| 520 | _aيضم الموضوعات الإستراتيجية المتعلقة بالإمداد، خدمة العملاء القوة المحركة، قنوات التوزيع، أنظمة الإمداد، تصميم وإدارة البنية الفعلية للإمداد، إدارة المواد التداخل بين أنشطة الإمداد، نشاط الإمداد على المستوى الدولي، الإتجاه الجديد في مجال الإمداد | ||
| 653 | _aإدارة المخازن | ||
| 653 | _aإدارة المشتريات | ||
| 653 | _aالإمدادات | ||
| 700 |
_aالعامري، خالد _eمؤلف ثانوي |
||
| 942 | _cكتاب | ||
| 999 |
_c44847 _d44847 |
||